000 01063nam a2200289Ia 4500
001 F0343
003 IT-RoPAU
008 130308s9999 xx 000 0 und d
040 _aIT-RoPAU
040 _cIT-RoPAU
041 _aINGLESE
100 _aZeitoun Ralph
100 _gCodice Aut. SPICS: 50160
245 2 _aA Mixed Satellite/Terrestrial Dab Concept and Related Studies in Canada
245 _bFirst International Simposium On Digital Audio Broadcasting
250 _a1a ed.
260 _aSVIZZERA
260 _bEuropean Broadcasting Union
260 _c1992 [1° Ed.:1992 - Ed.Ling.Originale:1992]
300 _a"12 p. (prefazione: no ; testo: 12 [pagine: 223-234])"
500 _aConcetto di Radio Diffusione Digitale via satellite e via terra e Ricerchecorrelate in Canada. Concetto di Diffusione Ibrida via satellite e Terrestre: Vantaggi, Esperimenti e Risultati. Realizzazione della Radio Diffusionedigitale.
650 _aTECNICA RADIOFONICA
650 _eCodice materia Spics: 6902
942 _cBK
957 _71
999 _c84287
_d84287
999 _g1